000 00834nam a2200289 4500
001 30186
003 BD-RjUL
005 20211209051527.0
008 140409s1970 enk b 001 0 eng d
020 _a0333080807
020 _a0333111389 (pbk)
035 _a(BD-RjUL)30271
040 _aDLC
_cDLC
_dBD-RjUL
_beng
041 _aeng
082 0 0 _a162
_bACM 1970
100 1 _aAckermann, Robert John,
_d1933-
_93862
245 1 0 _aModern deductive logic:
_ban introduction to its techniques and significance/
_cRobert John Ackermann.
260 _aLondon:
_bMacmillan,
_c1970
300 _aviii, 261 p.
_c19 cm.
350 _a£2.50
490 0 _aModern introductions to philosophy
504 _aBibliography: p. 231-234.
650 0 _aLogic.
_991785
942 _2ddc
_cBK
999 _c30186
_d30186